Virtuálna voda a jej perspektíva pre podnikanie v EÚ diplomová práca

Gespeichert in:
Bibliographische Detailangaben
1. Verfasser: Fusatá, Tímea
Körperschaft: Obchodná fakulta EU. Katedra medzinárodného obchodu
Weitere Verfasser: Čiderová, Denisa, 1977-
Format: Buch
Sprache:Slowakisch
Veröffentlicht: Bratislava 2021
Tags: Tag hinzufügen
Keine Tags, Fügen Sie das erste Tag hinzu!

MARC

LEADER 00000nbm a2200000 4500
001 0274360
005 20220210094524.9
041 0 |a slo 
044 |a SK 
245 1 0 |a Virtuálna voda a jej perspektíva pre podnikanie v EÚ  |b diplomová práca  |c Tímea Fusatá ; školiteľ: Denisa Čiderová 
264 1 |a Bratislava  |c 2021 
300 |a 82 s. 
100 1 |a Fusatá, Tímea 
700 1 |a Čiderová, Denisa, 1977- 
710 2 |a Obchodná fakulta EU. Katedra medzinárodného obchodu